000 00875cam a2200277 4500500
005 20260329004441.0
041 _afre
042 _adc
100 1 0 _aLegros, Martin
_eauthor
245 0 0 _aLa critique de Gérald Bronner : “Faire du réchauffement climatique un enjeu central et rejeter le nucléaire n’est pas cohérent”
260 _c2020.
500 _a86
690 _aArgumentation
690 _aCherry picking
690 _aCollapsologie
690 _aCroyance
690 _aEffondrement
690 _aGérald Bronner
690 _aLogique
690 _aNucléaire
690 _aPrécaution
690 _aRationalité
690 _aScience
786 0 _nPhilosophie magazine | 136 | 2 | 2020-02-01 | p. 25-25 | 1951-1787
856 4 1 _uhttps://shs.cairn.info/magazine-philosophie-magazine-2020-2-page-25?lang=fr&redirect-ssocas=7080
999 _c1833970
_d1833970